Flagi Państw graniczących z Polską - Nagła Śmierć - Statystyki

Ogólne statystyki
  • Ten quiz został rozwiązany 387 razy
    108 od ostatniego zresetowania
  • Średni wynik to 6 z 7
Answers on the Grid
Answers color-coded by a green-red scale on the quiz's grid according to % correct below.
 
Statystyki odpowiedzi
Odpowiedź % Poprawnych
98%
95%
93%
92%
90%
88%
87%
Nie znaleziono quizów pasujących do podanych kryteriów
Rozkład punktacji
Procent ludzi z każdym wynikiem
Percentyl według liczby udzielonych odpowiedzi
Twoja historia wyników
Nie rozwiązałeś tego quizu od ostatniego zresetowania